01291nam a2200181 450000500170000000800410001702000180005804100120007608200130008810000180010124500310011925000090015026000280015930000080018736500180019552008730021365000230108620250919111654.0250916b |||||||| |||| 00| 0 eng d a9789349015265 aEnglish a342bBAK aBakshi P. M.  aThe Constitution of India  a20th aIndiabLexisNexisc2025 a610 b360.00cRs.00 a1. Provisions 2. Preamble 3. The Union & Its Territory 4. Citizenship 5. Fundamental Rights 6. Directive Principles of State Policy 7. Fundamental Duties 8. The Union 9. The States 10. The States in Part B the First Schedule 11. The Union Territories 12. The Panchayats 13. The Municipalities 14. The Co-operative Societies 15. The Scheduled & Tribal Areas 16. Relation between the Union & the States 17. Finance, Property, Contracts & Suits 18. Trade, Commerce & Intercourse within the Territory of India 19. Services under the Union & the States 20. Tribunals 21. Elections 22. Special Provisions Relating to Certain Classes 23. Official Language 24. Emergency Provisions 25. Miscellaneous 26. Amendment of the Constitution 27. Temporary, Transitional & Special Provisions 28. Short Title, Commencement, Authoritative Text in Hindi & Repeals 29. Schedules 1 to 12  aConstitutional Law